00370nam a22001457a 450000500170000000800410001702000220005804100080008008200090008810000390009724500440013626000220018030000070020265000150020920160615165356.0160615b xxu||||| |||| 00| 0 eng d a978-81-269-1372-7 aeng b7878 aBuffa Elword s. and saren rakesh K aModern Production Operations Management bWiley Indiac2008 a82 aManagement